ČSN 42 0362 Zkoušky únavy kovů Základ. pojmy a značky

Bibliographic Details
Format: Book
Language:Undetermined
PhysicalDescription:40 s.
Published: Praha ÚNM 1986

MARC

LEADER 00000nam a2200000 a 4500
001 vtls001356945
003 SK-MaSNL
005 20260223130154.0
008 210928s1986 xx 0 und
035 |a SNK000310435 
040 |a SNK  |b slo  |c SNK  |e AACR2 
245 1 |a ČSN 42 0362 Zkoušky únavy kovů  |b Základ. pojmy a značky 
260 |a Praha  |b ÚNM  |c 1986 
300 |a 40 s. 
958 |a OND 
999 |c 548425  |d 550355 
952 |t P60, <04>, [BOOK], {604}  |a SNK  |b SNK  |y VYP  |7 0  |p 17A0184957  |o snkČSN 42 0362  |0 0  |1 0  |4 0  |d 1999-03-05  |l 0  |r 2005-01-02 00:00:00  |w 2026-02-23